[Event "European Women-ch 2023"]
[Site "Petrovac"]
[Date "2023.03.27"]
[Round "9.11"]
[White "Kulon, Klaudia"]
[Black "Gunina, Valentina"]
[Result "1-0"]
[WhiteElo "2290"]
[BlackElo "2478"]
[Annotator "TA"]
[PlyCount "71"]
[EventDate "2023.03.15"]
[EventType "swiss"]
[EventCountry "MNE"]
[SourceTitle "playchess.com"]
[Source "ChessBase"]
[SourceQuality "1"]

1. e4 c6 2. d4 d5 3. e5 c5 4. dxc5 e6 5. Bd3 Nd7 6. Nf3 Bxc5 7. O-O Ne7 8. a3 a6 9. b4 Ba7 10. Re1 Ng6 11. Bb2 O-O 12. Nbd2 Nf4 13. Bf1 f6 14. exf6 Nxf6 15. c4 Ng4 16. c5 b6 17. Nb3 e5 18. Bxe5 Nxe5 19. Nxe5 Qf6 20. Ra2 a5 21. g3 a4 22. Nd4 bxc5 23. Ndc6 Nh3+ 24. Bxh3 Bxh3 25. Nxa7 Rxa7 26. bxc5 Re7 27. Qd4 Rd8 28. f4 g5 29. Rf2 Rde8 30. Qxd5+ Kh8 31. fxg5 Qg7 32. Rfe2 Re6 33. Re3 Bf5 34. g4 Bc2 35. Nf7+ Kg8 36. Nh6+ 1-0

[Event "European Women-ch 2023"]
[Site "Petrovac"]
[Date "2023.03.27"]
[Round "9.11"]
[White "Kobak, Polina"]
[Black "Valkova, Angelika"]
[Result "1/2-1/2"]
[WhiteElo "1815"]
[BlackElo "2055"]
[Annotator "TA"]
[PlyCount "52"]
[EventDate "2023.03.15"]
[EventType "swiss"]
[EventCountry "MNE"]
[SourceTitle "playchess.com"]
[Source "ChessBase"]
[SourceQuality "1"]

1. d4 Nf6 2. c4 c5 3. d5 b5 4. cxb5 a6 5. bxa6 e6 6. Nc3 exd5 7. Nxd5 Be7 8. e3 O-O 9. Nf3 Nxd5 10. Qxd5 Ra7 11. Bc4 Nxa6 12. Qd1 Bb7 13. Bd2 d5 14. Be2 Bf6 15. O-O Qb6 16. Bc3 Bxc3 17. bxc3 c4 18. e4 dxe4 19. Ne5 Nc5 20. Nxc4 Qf6 21. Qd4 Qxd4 22. cxd4 Ne6 23. Nd6 Nxd4 24. Bc4 Ba6 25. Bxa6 Rxa6 26. Nxe4 Nc2 1/2-1/2

[Event "European Women-ch 2023"]
[Site "Petrovac"]
[Date "2023.03.27"]
[Round "9.12"]
[White "Sliwicka, Alicja"]
[Black "Efroimski, Marsel"]
[Result "1/2-1/2"]
[WhiteElo "2272"]
[BlackElo "2451"]
[Annotator "TA"]
[PlyCount "149"]
[EventDate "2023.03.15"]
[EventType "swiss"]
[EventCountry "MNE"]
[SourceTitle "playchess.com"]
[Source "ChessBase"]
[SourceQuality "1"]

1. e4 e6 2. d4 d5 3. e5 c5 4. c3 Nc6 5. Nf3 Qb6 6. Bd3 cxd4 7. O-O Bd7 8. Re1 Nge7 9. h4 a6 10. Nbd2 dxc3 11. bxc3 Ng6 12. Nb3 Qc7 13. Qe2 f6 14. exf6 gxf6 15. Rb1 Nge5 16. Bf4 Bd6 17. Nxe5 Nxe5 18. Bxe5 Bxe5 19. c4 dxc4 20. Bxc4 O-O 21. Rbc1 Kh8 22. Bxe6 Bc6 23. Bd5 Rae8 24. Qh5 Bh2+ 25. Kh1 Rxe1+ 26. Rxe1 Bxd5 27. Qxd5 Be5 28. Rc1 Qe7 29. Rd1 Rc8 30. g3 b5 31. Kg2 Qc7 32. Rc1 Bc3 33. Nd2 b4 34. Qf3 Qc6 35. Ne4 a5 36. Nxc3 bxc3 37. Rc2 Kg7 38. Qxc6 Rxc6 39. Kf3 Rc4 40. a3 f5 41. Ke3 f4+ 42. Kd3 Ra4 43. Rxc3 fxg3 44. fxg3 Rg4 45. Ke2 a4 46. Kf2 h5 47. Kg2 Rd4 48. Kf3 Kg6 49. Ke3 Rg4 50. Kf2 Rd4 51. Rc6+ Kg7 52. Rc5 Kh6 53. Rc3 Kg6 54. Kg2 Rd2+ 55. Kh3 Rd4 56. Rc6+ Kg7 57. Rc3 Kg6 58. Rf3 Rc4 59. Rd3 Kg7 60. Kg2 Kg6 61. Re3 Kg7 62. Rf3 Rc2+ 63. Kh3 Ra2 64. g4 Kg6 65. Kg3 Rc2 66. Rd3 hxg4 67. Kxg4 Rc4+ 68. Kg3 Kh5 69. Rd5+ Kh6 70. Rf5 Rc3+ 71. Rf3 Rc4 72. Re3 Kh5 73. Re5+ Kh6 74. Re6+ Kh5 75. Re5+ 1/2-1/2

[Event "European Women-ch 2023"]
[Site "Petrovac"]
[Date "2023.03.27"]
[Round "9.12"]
[White "Kejzar, Petra"]
[Black "Maione, Melissa"]
[Result "1-0"]
[WhiteElo "2128"]
[BlackElo "2028"]
[Annotator "TA"]
[PlyCount "71"]
[EventDate "2023.03.15"]
[EventType "swiss"]
[EventCountry "MNE"]
[SourceTitle "playchess.com"]
[Source "ChessBase"]
[SourceQuality "1"]

1. d4 Nf6 2. Nc3 d5 3. Bf4 a6 4. e3 c5 5. dxc5 Nc6 6. Nf3 Bg4 7. Be2 e6 8. Na4 Ne4 9. O-O Nxc5 10. c4 dxc4 11. Nxc5 Bxc5 12. Qc2 Qe7 13. Qxc4 Bh5 14. Rac1 Bd6 15. Bxd6 Qxd6 16. Rfd1 Qe7 17. Qc5 Bg6 18. Rd6 O-O 19. Rxc6 Qf6 20. Rb6 Be4 21. Qd4 Bc6 22. Qxf6 gxf6 23. Nd4 Bd5 24. b3 Rac8 25. Rxc8 Rxc8 26. h4 Kf8 27. Bf3 Bxf3 28. gxf3 Rc7 29. a4 Ke7 30. a5 Kd7 31. b4 Kc8 32. Nb3 h6 33. Nc5 Re7 34. Kg2 h5 35. Ne4 f5 36. Nf6 1-0

[Event "European Women-ch 2023"]
[Site "Petrovac"]
[Date "2023.03.27"]
[Round "9.12"]
[White "Koridze, Lile"]
[Black "Klek, Hanna Marie"]
[Result "1-0"]
[WhiteElo "2122"]
[BlackElo "2314"]
[Annotator "TA"]
[PlyCount "203"]
[EventDate "2023.03.15"]
[EventType "swiss"]
[EventCountry "MNE"]
[SourceTitle "playchess.com"]
[Source "ChessBase"]
[SourceQuality "1"]

1. d4 Nf6 2. c4 e6 3. Nf3 d5 4. g3 h6 5. Bg2 Bd6 6. O-O O-O 7. Qc2 Nc6 8. b3 b6 9. Bb2 Nb4 10. Qc1 c5 11. dxc5 bxc5 12. Rd1 Bb7 13. e3 Qe7 14. a3 Nc6 15. cxd5 exd5 16. Nc3 Na5 17. Qc2 Rad8 18. Nb5 Bb8 19. Bc3 Nc6 20. Bxf6 gxf6 21. Nh4 Be5 22. Nf5 Qe6 23. Bh3 Kh8 24. Qe2 Rg8 25. Qh5 Rg5 26. Qxh6+ Kg8 27. Nfd4 Qe8 28. Nf5 a6 29. Nbd6 Bxd6 30. Qxf6 Rg6 31. Nh6+ Rxh6 32. Qxh6 Qe5 33. Rac1 Bf8 34. Qh4 Be7 35. Qh6 Rd6 36. Qf4 Qxf4 37. gxf4 Na5 38. Rc3 d4 39. exd4 cxd4 40. Rc7 Bd8 41. Rd7 Rxd7 42. Bxd7 Bf6 43. Ba4 Bf3 44. Rc1 d3 45. b4 Nb7 46. Rc7 Nd8 47. Rd7 Be2 48. f5 Kg7 49. b5 axb5 50. Bxb5 Bg4 51. Bxd3 Nc6 52. Be4 Ne5 53. Rd5 Nc4 54. a4 Nb6 55. Rd3 Be2 56. Rg3+ Kf8 57. a5 Nc8 58. Bb7 Na7 59. a6 Bb5 60. Re3 Bd4 61. Re4 Bc3 62. h4 Kg7 63. h5 Bf6 64. Rg4+ Kh6 65. Bd5 Kxh5 66. Rg8 Bg5 67. Bxf7+ Kg4 68. Be6 Kf4 69. Rg7 Bxa6 70. Rxa7 Bd3 71. Ra3 Be4 72. Kf1 Bf3 73. Ra5 Bf6 74. Bd5 Bd1 75. Bc4 Bc2 76. Ra6 Kxf5 77. Ke2 Bd4 78. f3 Kf4 79. Bd3 Bb3 80. Ra8 Bf6 81. Rf8 Ke5 82. f4+ Ke6 83. Kf3 Ke7 84. Rb8 Bd5+ 85. Be4 Bc4 86. Rb7+ Ke6 87. Rb6+ Kf7 88. f5 Be5 89. Kg4 Bf6 90. Rb7+ Kg8 91. Rd7 Be2+ 92. Bf3 Bb5 93. Bd5+ Kh8 94. Rb7 Be2+ 95. Bf3 Bc4 96. Kh5 Kg8 97. Kg6 Be5 98. Re7 Bd6 99. Re8+ Bf8 100. Rd8 Bf7+ 101. Kf6 Bc4 102. Bd5+ 1-0

[Event "European Women-ch 2023"]
[Site "Petrovac"]
[Date "2023.03.27"]
[Round "9.13"]
[White "Bulmaga, Irina"]
[Black "Unuk, Laura"]
[Result "1/2-1/2"]
[WhiteElo "2438"]
[BlackElo "2297"]
[Annotator "TA"]
[PlyCount "139"]
[EventDate "2023.03.15"]
[EventType "swiss"]
[EventCountry "MNE"]
[SourceTitle "playchess.com"]
[Source "ChessBase"]
[SourceQuality "1"]

1. e4 e5 2. Nf3 Nc6 3. d4 exd4 4. Nxd4 Nf6 5. Nxc6 bxc6 6. e5 Qe7 7. Qe2 Nd5 8. h4 d6 9. c4 Nb6 10. exd6 cxd6 11. Be3 d5 12. Nd2 dxc4 13. Qf3 Qe6 14. Be2 Bb4 15. O-O O-O 16. Rac1 Ba6 17. Ne4 Rae8 18. Ng5 Qe7 19. Qf5 g6 20. Qf3 h6 21. Nh3 Qxh4 22. b3 Ba3 23. Rcd1 Qe4 24. Qg3 Bb2 25. Bf3 Qf5 26. Bxh6 cxb3 27. axb3 Bxf1 28. Bxf8 Bxg2 29. Kxg2 Rxf8 30. Ng5 Bf6 31. Ne4 Nd5 32. Nxf6+ Qxf6 33. Bxd5 cxd5 34. Rxd5 Rd8 35. Qg5 Qxg5+ 36. Rxg5 Rb8 37. Ra5 Rb7 38. b4 Kg7 39. Ra6 Kh6 40. Kg3 Kg5 41. Ra5+ Kf6 42. Kf3 Ke6 43. Ke3 Kd6 44. Kd3 Rxb4 45. Rxa7 Rf4 46. Ke3 g5 47. Ra5 f6 48. Ra6+ Ke5 49. Ra5+ Ke6 50. Rb5 Kf7 51. f3 Kg6 52. Ra5 Kh5 53. Kf2 Kh4 54. Kg2 Rb4 55. Ra2 f5 56. Rc2 Ra4 57. Rb2 Ra3 58. Rb4+ f4 59. Rb2 g4 60. fxg4 Kxg4 61. Rc2 Rg3+ 62. Kf2 Rh3 63. Rc8 Rh2+ 64. Kg1 Ra2 65. Rc3 Re2 66. Kf1 Re3 67. Rxe3 fxe3 68. Ke2 Kf4 69. Ke1 e2 70. Kxe2 1/2-1/2

[Event "European Women-ch 2023"]
[Site "Petrovac"]
[Date "2023.03.27"]
[Round "9.13"]
[White "Ovod, Evgenija"]
[Black "Mamedjarova, Turkan"]
[Result "1/2-1/2"]
[WhiteElo "2305"]
[BlackElo "2229"]
[Annotator "TA"]
[PlyCount "52"]
[EventDate "2023.03.15"]
[EventType "swiss"]
[EventCountry "MNE"]
[SourceTitle "playchess.com"]
[Source "ChessBase"]
[SourceQuality "1"]

1. e4 e5 2. Nf3 Nc6 3. Bc4 Bc5 4. O-O Nf6 5. d3 d6 6. c3 a6 7. a4 O-O 8. Nbd2 h6 9. Re1 Re8 10. Nf1 Ba7 11. Be3 d5 12. exd5 Nxd5 13. Bxa7 Rxa7 14. a5 Nf4 15. Ng3 b5 16. axb6 cxb6 17. d4 b5 18. Bf1 exd4 19. Rxe8+ Qxe8 20. Nxd4 Rd7 21. Qf3 Nxd4 22. Qxf4 Nb3 23. Ra3 Nd2 24. Ra1 Nb3 25. Ra3 Nd2 26. Ra1 Nb3 1/2-1/2

[Event "European Women-ch 2023"]
[Site "Petrovac"]
[Date "2023.03.27"]
[Round "9.13"]
[White "Vidic, Teja"]
[Black "Karaivanova, Petya"]
[Result "1/2-1/2"]
[WhiteElo "2097"]
[BlackElo "1875"]
[Annotator "TA"]
[PlyCount "97"]
[EventDate "2023.03.15"]
[EventType "swiss"]
[EventCountry "MNE"]
[SourceTitle "playchess.com"]
[Source "ChessBase"]
[SourceQuality "1"]

1. Nf3 d5 2. c4 e6 3. b3 Nf6 4. g3 c6 5. Bg2 Bd6 6. Bb2 Nbd7 7. O-O Qe7 8. d3 O-O 9. a3 e5 10. b4 a5 11. b5 dxc4 12. dxc4 cxb5 13. cxb5 Nb6 14. Nbd2 Bf5 15. e4 Bd7 16. a4 Rac8 17. Qb1 Rfd8 18. Rd1 Bg4 19. h3 Bh5 20. g4 Bg6 21. Nh4 Nfd7 22. Nf5 Bxf5 23. exf5 Nc5 24. Ne4 Nbxa4 25. Nxc5 Nxb2 26. Qxb2 Bxc5 27. Rxd8+ Rxd8 28. Rxa5 e4 29. Qe2 e3 30. fxe3 Bxe3+ 31. Kh1 h6 32. Ra1 Rd2 33. Qf3 Bd4 34. Rc1 b6 35. Qe4 Qxe4 36. Bxe4 Bc5 37. Ra1 Re2 38. Ra8+ Kh7 39. Bd5 Re7 40. Kg2 g6 41. fxg6+ fxg6 42. h4 Kg7 43. Rc8 Re5 44. Rc7+ Re7 45. Rc6 Re5 46. Bf3 Re3 47. h5 gxh5 48. gxh5 Re5 49. Rc7+ 1/2-1/2

[Event "European Women-ch 2023"]
[Site "Petrovac"]
[Date "2023.03.27"]
[Round "9.14"]
[White "Sieber, Fiona"]
[Black "Milliet, Sophie"]
[Result "1-0"]
[WhiteElo "2217"]
[BlackElo "2404"]
[Annotator "TA"]
[PlyCount "113"]
[EventDate "2023.03.15"]
[EventType "swiss"]
[EventCountry "MNE"]
[SourceTitle "playchess.com"]
[Source "ChessBase"]
[SourceQuality "1"]

1. e4 c5 2. Nf3 Nc6 3. d4 cxd4 4. Nxd4 Nf6 5. Nc3 d6 6. Bg5 e6 7. Qd2 a6 8. O-O-O Bd7 9. f3 Nxd4 10. Qxd4 Be7 11. Kb1 Qc7 12. h4 b5 13. g4 O-O 14. h5 b4 15. Ne2 Rfc8 16. Rc1 e5 17. Qd2 Be6 18. c4 bxc3 19. Nxc3 Qb7 20. Bxf6 Bxf6 21. g5 Bd8 22. Bh3 Rab8 23. Bxe6 fxe6 24. Na4 d5 25. Rxc8 Rxc8 26. Rc1 Rb8 27. g6 Qb5 28. Qc2 d4 29. Qc6 Kh8 30. Qxb5 axb5 31. Nc5 Bg5 32. Rc2 Rd8 33. Nd3 Kg8 34. Rc5 hxg6 35. hxg6 Bf4 36. Rxb5 Rf8 37. a4 Ra8 38. a5 Kf8 39. b4 Ke7 40. Rb6 Kf6 41. a6 Kxg6 42. b5 Bg5 43. Rxe6+ Bf6 44. b6 Rxa6 45. b7 Rxe6 46. b8=Q Re7 47. Kc2 Kh7 48. Qc8 g6 49. Nb4 Bg7 50. Nc6 Rf7 51. Qh3+ Kg8 52. Qe6 Bf6 53. Qe8+ Rf8 54. Qxg6+ Kh8 55. Qh5+ Kg8 56. Nxe5 Bg7 57. Kd3 1-0

[Event "European Women-ch 2023"]
[Site "Petrovac"]
[Date "2023.03.27"]
[Round "9.14"]
[White "Kubicka, Anna"]
[Black "Krasteva, Beloslava"]
[Result "0-1"]
[WhiteElo "2211"]
[BlackElo "2292"]
[Annotator "TA"]
[PlyCount "129"]
[EventDate "2023.03.15"]
[EventType "swiss"]
[EventCountry "MNE"]
[SourceTitle "playchess.com"]
[Source "ChessBase"]
[SourceQuality "1"]

1. e4 c5 2. Nf3 e6 3. g3 Nc6 4. Bg2 Nf6 5. e5 Ng4 6. O-O Ngxe5 7. Nxe5 Nxe5 8. d4 cxd4 9. Qxd4 Nc6 10. Qg4 h5 11. Qe2 h4 12. Nc3 b6 13. Bf4 Bb7 14. Nb5 Rc8 15. Rfd1 Ba6 16. c4 Bc5 17. Nd6+ Bxd6 18. Bxd6 Qf6 19. b3 Nd4 20. Qd3 Nf5 21. Ba3 Rd8 22. Rab1 hxg3 23. hxg3 d5 24. Qf3 Qh6 25. Qc3 Nd6 26. Bxd6 Rxd6 27. Qb4 Rd7 28. Qa3 Bc8 29. cxd5 exd5 30. Rbc1 Kd8 31. Rd4 Qd6 32. Qb2 Bb7 33. Rg4 f6 34. Qd4 Qe5 35. Qa4 a5 36. Rh4 Re8 37. Qb5 Qd6 38. Rd4 Re5 39. Rcd1 Qc6 40. Qd3 Qe6 41. Qb5 Re1+ 42. Rxe1 Qxe1+ 43. Kh2 Kc7 44. Rf4 Qc3 45. Rh4 Qc5 46. Qe2 d4 47. Bxb7 Kxb7 48. Rh8 d3 49. Qf3+ Qd5 50. Qf4 Rd8 51. Rxd8 Qxd8 52. Qd2 Qd5 53. f4 Qf3 54. Kg1 Qxg3+ 55. Kf1 Qf3+ 56. Ke1 g5 57. fxg5 fxg5 58. Qh2 Qe2+ 59. Qxe2 dxe2 60. Kxe2 Kc6 61. Ke3 Kc5 62. a3 b5 63. Ke4 b4 64. axb4+ Kxb4 65. Kd4 0-1

[Event "European Women-ch 2023"]
[Site "Petrovac"]
[Date "2023.03.27"]
[Round "9.14"]
[White "Skvortsova, Alena"]
[Black "Silva, Ana Ines Teixeira Da"]
[Result "1-0"]
[WhiteElo "2032"]
[BlackElo "1792"]
[Annotator "TA"]
[PlyCount "77"]
[EventDate "2023.03.15"]
[EventType "swiss"]
[EventCountry "MNE"]
[SourceTitle "playchess.com"]
[Source "ChessBase"]
[SourceQuality "1"]

1. e4 e5 2. Nf3 Nc6 3. d4 exd4 4. Nxd4 Nf6 5. Nxc6 bxc6 6. e5 Qe7 7. Qe2 Nd5 8. c4 Ba6 9. b3 g6 10. f4 Bh6 11. Qf2 Nb6 12. Ba3 c5 13. Bd3 O-O 14. O-O d6 15. Nc3 Bg7 16. Rad1 Bb7 17. Be4 Bxe4 18. Nxe4 Nd7 19. Rfe1 Rfe8 20. exd6 cxd6 21. Rxd6 Kh8 22. Bb2 f5 23. Bxg7+ Qxg7 24. Red1 fxe4 25. Rxd7 e3 26. Qf3 Qf6 27. R7d3 e2 28. Re1 Qb2 29. Kf2 Qxa2 30. Rxe2 Qb1 31. Rde3 Rf8 32. Re7 Qc1 33. g3 Rad8 34. Qb7 Qa1 35. Rxh7+ Kg8 36. Rd7 Rb8 37. Qd5+ Kh8 38. Qe6 Rf5 39. Qxg6 1-0

[Event "European Women-ch 2023"]
[Site "Petrovac"]
[Date "2023.03.27"]
[Round "9.15"]
[White "Heinemann, Josefine"]
[Black "Sandu, Mihaela"]
[Result "0-1"]
[WhiteElo "2343"]
[BlackElo "2211"]
[Annotator "TA"]
[PlyCount "72"]
[EventDate "2023.03.15"]
[EventType "swiss"]
[EventCountry "MNE"]
[SourceTitle "playchess.com"]
[Source "ChessBase"]
[SourceQuality "1"]

1. e4 e5 2. Nf3 Nc6 3. Bb5 a6 4. Ba4 Nf6 5. O-O Be7 6. Re1 b5 7. Bb3 d6 8. c3 O-O 9. h3 Nb8 10. d4 Nbd7 11. Nbd2 Bb7 12. Bc2 Re8 13. Nf1 Bf8 14. Ng3 g6 15. Bd2 Bg7 16. Qc1 Kh8 17. Bh6 Ng8 18. Bxg7+ Kxg7 19. Qd2 Qe7 20. a4 Ngf6 21. Qg5 Kh8 22. h4 c5 23. d5 c4 24. h5 Nc5 25. Kf1 Rg8 26. hxg6 fxg6 27. Ke2 bxa4 28. Rh1 Rg7 29. Rh4 Rb8 30. Qc1 Bc8 31. Bxa4 Nd3 32. Qg5 Rxb2+ 33. Nd2 Nf4+ 34. Kd1 N6xd5 35. Qxe7 Nxc3+ 36. Kc1 Nd3# 0-1

[Event "European Women-ch 2023"]
[Site "Petrovac"]
[Date "2023.03.27"]
[Round "9.15"]
[White "Makka, Ioulia"]
[Black "Tsotsonava, Elene"]
[Result "1/2-1/2"]
[WhiteElo "1949"]
[BlackElo "2030"]
[Annotator "TA"]
[PlyCount "69"]
[EventDate "2023.03.15"]
[EventType "swiss"]
[EventCountry "MNE"]
[SourceTitle "playchess.com"]
[Source "ChessBase"]
[SourceQuality "1"]

1. e4 c5 2. Nc3 e6 3. Nf3 Nc6 4. d4 cxd4 5. Nxd4 Qc7 6. g3 a6 7. Bg2 d6 8. O-O Bd7 9. Nxc6 Bxc6 10. a4 Nf6 11. a5 Be7 12. Be3 Nd7 13. Na4 O-O 14. Nb6 Rae8 15. Nxd7 Qxd7 16. c4 f5 17. Qd3 Bf6 18. Rab1 fxe4 19. Bxe4 Bxe4 20. Qxe4 d5 21. Qg4 Qc7 22. cxd5 exd5 23. Bb6 Qc4 24. Qd7 Re7 25. Qd6 Re2 26. Rbc1 Qe4 27. Qd7 d4 28. Rcd1 Rxb2 29. Rxd4 Bxd4 30. Bxd4 Rf7 31. Qd8+ Rf8 32. Qd7 Rf7 33. Qd8+ Rf8 34. Qd7 Rf7 35. Qd8+ 1/2-1/2

[Event "European Women-ch 2023"]
[Site "Petrovac"]
[Date "2023.03.27"]
[Round "9.16"]
[White "Zherebtsova, Alexandra"]
[Black "Stefanova, Antoaneta"]
[Result "1/2-1/2"]
[WhiteElo "2155"]
[BlackElo "2435"]
[Annotator "TA"]
[PlyCount "66"]
[EventDate "2023.03.15"]
[EventType "swiss"]
[EventCountry "MNE"]
[SourceTitle "playchess.com"]
[Source "ChessBase"]
[SourceQuality "1"]

1. d4 Nf6 2. c4 g6 3. Nc3 d5 4. cxd5 Nxd5 5. e4 Nxc3 6. bxc3 Bg7 7. Qa4+ Nd7 8. Nf3 O-O 9. Be2 e5 10. Ba3 Re8 11. d5 f5 12. d6 cxd6 13. Qb3+ Kh8 14. h4 Nf8 15. Ng5 Be6 16. Bc4 Qf6 17. Rd1 Rad8 18. Rxd6 Rxd6 19. Bxd6 Bxc4 20. Qxc4 Ne6 21. Bxe5 Qe7 22. Bxg7+ Kxg7 23. O-O Nxg5 24. hxg5 Qxe4 25. Qb5 a6 26. Qb6 Qc6 27. Qd4+ Kg8 28. Rb1 b5 29. Rd1 Qc7 30. Qd5+ Kg7 31. Qd4+ Kg8 32. Qd5+ Kg7 33. Qd4+ Kg8 1/2-1/2

[Event "European Women-ch 2023"]
[Site "Petrovac"]
[Date "2023.03.27"]
[Round "9.16"]
[White "Huseynova, Lala"]
[Black "Pavlidou, Ekaterini"]
[Result "0-1"]
[WhiteElo "1694"]
[BlackElo "2178"]
[Annotator "TA"]
[PlyCount "157"]
[EventDate "2023.03.15"]
[EventType "swiss"]
[EventCountry "MNE"]
[SourceTitle "playchess.com"]
[Source "ChessBase"]
[SourceQuality "1"]

1. e4 c5 2. Nf3 Nc6 3. d4 cxd4 4. Nxd4 Nf6 5. Nc3 e6 6. Ndb5 Bb4 7. a3 Bxc3+ 8. Nxc3 d5 9. exd5 exd5 10. Bd3 O-O 11. O-O d4 12. Ne4 h6 13. Bf4 Nd5 14. Bd2 f5 15. Nc5 b6 16. Nb3 Bb7 17. Bb5 Qf6 18. Bc4 Rad8 19. Bb4 Rf7 20. Re1 a5 21. Bd2 a4 22. Nc1 Ne5 23. Ba2 f4 24. f3 b5 25. Ba5 Rdd7 26. Nd3 Nc6 27. Bd2 Qg5 28. Nc5 Nc3 29. Bxc3 Qxc5 30. Bb4 Nxb4 31. axb4 Qxb4 32. Re8+ Kh7 33. Qd3+ g6 34. Bxf7 Rxf7 35. Re6 Rg7 36. Rae1 Bd5 37. R6e5 Bc6 38. Re6 Bd5 39. R6e5 Bc6 40. Rb1 Qd6 41. Rbe1 b4 42. Qc4 a3 43. bxa3 bxa3 44. Re6 Bd5 45. Rxd6 Bxc4 46. Rxd4 Rc7 47. Rde4 g5 48. Re7+ Rxe7 49. Rxe7+ Kg6 50. Re5 a2 51. Ra5 h5 52. Kf2 Kf6 53. g3 Kg6 54. gxf4 gxf4 55. h4 Kf6 56. Ke1 Bd5 57. Ke2 Bc4+ 58. Kd2 Bd5 59. Kd3 Bxf3 60. c4 Bc6 61. Kd4 Ke6 62. Kd3 Kf6 63. Ke2 Be4 64. Kf2 Bd3 65. c5 Bc4 66. Kf3 Ke5 67. c6+ Bd5+ 68. Kf2 Kd6 69. Ra6 Kc7 70. Ke1 Bc4 71. Ra8 Kxc6 72. Kd2 f3 73. Ke3 Bd5 74. Rc8+ Kb5 75. Rc1 Kb4 76. Rf1 Kc3 77. Rh1 f2 78. Rc1+ Kb2 79. Kd2 0-1

[Event "European Women-ch 2023"]
[Site "Petrovac"]
[Date "2023.03.27"]
[Round "9.17"]
[White "Velikic, Adela"]
[Black "Shpanko, Nadiia"]
[Result "1/2-1/2"]
[WhiteElo "2329"]
[BlackElo "2164"]
[Annotator "TA"]
[PlyCount "85"]
[EventDate "2023.03.15"]
[EventType "swiss"]
[EventCountry "MNE"]
[SourceTitle "playchess.com"]
[Source "ChessBase"]
[SourceQuality "1"]

1. e4 c6 2. d4 d5 3. e5 c5 4. Nf3 cxd4 5. Nxd4 Nc6 6. Nxc6 bxc6 7. Bd3 e6 8. O-O Ne7 9. Nd2 a5 10. Qe2 Ng6 11. Nf3 Be7 12. g3 O-O 13. h4 f6 14. exf6 Bxf6 15. Ng5 Bxg5 16. Bxg5 Qb6 17. h5 Nh8 18. h6 Qxb2 19. Rab1 Qd4 20. Rfd1 Qa7 21. Be3 Qe7 22. Bd4 e5 23. Qxe5 Qxe5 24. Bxe5 gxh6 25. Rb6 Nf7 26. Bf4 Bg4 27. Rdb1 Ng5 28. Bxg5 hxg5 29. Rxc6 Rab8 30. Rxb8 Rxb8 31. Kg2 Rb2 32. Rd6 Rxa2 33. Rxd5 Be6 34. Re5 Bf7 35. Rxg5+ Kh8 36. Rb5 Ra1 37. Rb8+ Kg7 38. Rb7 Kf8 39. f3 a4 40. Rb8+ Kg7 41. Rb7 Kf8 42. Rb8+ Kg7 43. Rb7 1/2-1/2

[Event "European Women-ch 2023"]
[Site "Petrovac"]
[Date "2023.03.27"]
[Round "9.17"]
[White "Hapala, Elisabeth"]
[Black "Bakalarz, Grazyna"]
[Result "1/2-1/2"]
[WhiteElo "2072"]
[BlackElo "1847"]
[Annotator "TA"]
[PlyCount "80"]
[EventDate "2023.03.15"]
[EventType "swiss"]
[EventCountry "MNE"]
[SourceTitle "playchess.com"]
[Source "ChessBase"]
[SourceQuality "1"]

1. e4 e5 2. Nf3 Nf6 3. Nxe5 d6 4. Nf3 Nxe4 5. d4 d5 6. Bd3 Bf5 7. O-O Be7 8. Re1 O-O 9. c4 Nc6 10. Nc3 Nxc3 11. bxc3 Bxd3 12. Qxd3 dxc4 13. Qxc4 Na5 14. Qa4 b6 15. Bf4 Bd6 16. Be5 Re8 17. Bxd6 cxd6 18. d5 Kf8 19. Qf4 Qd7 20. Ng5 h6 21. Ne4 Nb7 22. Re3 Re5 23. Rae1 Qf5 24. Qxf5 Rxf5 25. c4 Rc8 26. Ng3 Re5 27. Rxe5 dxe5 28. Rxe5 Rxc4 29. Kf1 Nd6 30. f3 Rd4 31. Nf5 Nxf5 32. Rxf5 f6 33. Ke2 Ke7 34. d6+ Kxd6 35. Rb5 Ra4 36. Rb2 Ra3 37. Kd2 Kc5 38. Kc1 b5 39. Rc2+ Kd6 40. Rd2+ Ke6 1/2-1/2

[Event "European Women-ch 2023"]
[Site "Petrovac"]
[Date "2023.03.27"]
[Round "9.18"]
[White "Gaboyan, Susanna"]
[Black "Garcia Martin, Marta"]
[Result "1-0"]
[WhiteElo "2160"]
[BlackElo "2306"]
[Annotator "TA"]
[PlyCount "79"]
[EventDate "2023.03.15"]
[EventType "swiss"]
[EventCountry "MNE"]
[SourceTitle "playchess.com"]
[Source "ChessBase"]
[SourceQuality "1"]

1. Nf3 Nf6 2. g3 b6 3. Bg2 Bb7 4. O-O e6 5. d3 d5 6. Nbd2 Be7 7. Qe1 c5 8. e4 Nc6 9. Qe2 O-O 10. c3 b5 11. a3 a5 12. Re1 b4 13. axb4 axb4 14. Rxa8 Qxa8 15. e5 Nd7 16. d4 bxc3 17. bxc3 cxd4 18. cxd4 Nb4 19. Nf1 Ba6 20. Qd1 Nd3 21. Re3 Rc8 22. Bd2 Qc6 23. Qa1 Bc4 24. Ne1 Ra8 25. Qd1 Nb2 26. Qh5 Ra1 27. Rf3 g6 28. Qh6 Nf8 29. Nc2 Rb1 30. Qf4 Qe8 31. h4 h5 32. Na3 Bxa3 33. Rxa3 Bxf1 34. Bxf1 Qb5 35. Bc1 Nc4 36. Ra7 Nd7 37. Qh6 Qc6 38. Bg5 Nd2 39. Bxd2 Qc4 40. Ra8+ 1-0

[Event "European Women-ch 2023"]
[Site "Petrovac"]
[Date "2023.03.27"]
[Round "9.18"]
[White "Slaba, Andrea"]
[Black "Gamal, Alaa"]
[Result "1/2-1/2"]
[WhiteElo "2061"]
[BlackElo "1748"]
[Annotator "TA"]
[PlyCount "123"]
[EventDate "2023.03.15"]
[EventType "swiss"]
[EventCountry "MNE"]
[SourceTitle "playchess.com"]
[Source "ChessBase"]
[SourceQuality "1"]

1. Nf3 c5 2. g3 g6 3. Bg2 Nf6 4. O-O Bg7 5. c4 Nc6 6. d4 cxd4 7. Nxd4 O-O 8. Nc3 Qb6 9. Nc2 d6 10. Ne3 Ne5 11. Ncd5 Qd8 12. f4 Nc6 13. Nxf6+ Bxf6 14. Nd5 Bg7 15. Kh1 e6 16. Ne3 Qc7 17. Rb1 Rd8 18. b3 Qb6 19. Nc2 d5 20. cxd5 exd5 21. Bb2 d4 22. Na3 Qa6 23. Nc4 Be6 24. Rc1 Rac8 25. a4 b5 26. axb5 Qxb5 27. Ba3 Bd5 28. Bxd5 Qxd5+ 29. Kg1 Na5 30. Qd3 Nxc4 31. bxc4 Qh5 32. Rf3 Rb8 33. c5 Qd5 34. Qc4 Qc6 35. f5 Bh6 36. fxg6 Qxg6 37. Rcf1 Be3+ 38. Kg2 Rb7 39. Bc1 Re8 40. Bxe3 dxe3 41. Rf4 Qc6+ 42. Kg1 Re6 43. Qd4 Rbe7 44. Qd8+ Re8 45. Qg5+ Rg6 46. Qh5 Re7 47. Qf5 Qe6 48. Rd1 Qxf5 49. Rxf5 Kg7 50. Kg2 Rc6 51. Kf3 Kg6 52. Rfd5 Rf6+ 53. Kg4 Re4+ 54. Kh3 Rf2 55. Rd6+ Kg5 56. c6 Rc4 57. R1d5+ f5 58. Re5 Rxe2 59. Re7 Rcc2 60. Rg7+ Kh5 61. Rxh7+ Kg5 62. Rg7+ 1/2-1/2

[Event "European Women-ch 2023"]
[Site "Petrovac"]
[Date "2023.03.27"]
[Round "9.19"]
[White "Zimina, Olga"]
[Black "Ivekovic, Tihana"]
[Result "1-0"]
[WhiteElo "2295"]
[BlackElo "2132"]
[Annotator "TA"]
[PlyCount "131"]
[EventDate "2023.03.15"]
[EventType "swiss"]
[EventCountry "MNE"]
[SourceTitle "playchess.com"]
[Source "ChessBase"]
[SourceQuality "1"]

1. Nf3 Nf6 2. g3 d5 3. Bg2 e6 4. O-O Be7 5. d3 O-O 6. Nbd2 c5 7. e4 Nc6 8. e5 Nd7 9. Re1 Qc7 10. Qe2 b5 11. Nf1 Bb7 12. h4 h6 13. Bf4 Rfd8 14. Ne3 Bf8 15. Bh3 Ne7 16. h5 d4 17. Ng4 Nd5 18. Bd2 Rac8 19. Bg2 N7b6 20. Ba5 Ne7 21. a4 a6 22. axb5 axb5 23. Nd2 Bxg2 24. Kxg2 Qb7+ 25. Ne4 Ned5 26. c3 Rd7 27. Qf3 c4 28. cxd4 cxd3 29. Bxb6 Qxb6 30. Qxd3 Rdc7 31. Re2 Rc4 32. Rd1 Qc6 33. Kh2 Bb4 34. Ne3 Nxe3 35. Qxe3 Qd5 36. g4 Rd8 37. Nc3 Bxc3 38. bxc3 b4 39. cxb4 Rxb4 40. Red2 Rb3 41. Rd3 Rb2 42. Kg3 Qa2 43. Ra3 Qc4 44. Qd3 Qb4 45. Qc3 Qb6 46. Qe3 Qb5 47. Qf3 Qb6 48. Ra8 Rxa8 49. Qxa8+ Qb8 50. Ra1 Qxa8 51. Rxa8+ Kh7 52. Rf8 Rb7 53. f4 Rd7 54. f5 exf5 55. gxf5 Rxd4 56. Rxf7 Kg8 57. e6 Re4 58. Kf3 Re1 59. Kf4 Rf1+ 60. Ke5 Ra1 61. Rc7 Kf8 62. Kd6 Rd1+ 63. Kc6 Rc1+ 64. Kd7 Rd1+ 65. Kc8 Rf1 66. Kd8 1-0